国资委主管央企名录(51-100) - Statistics

General Stats
  • This quiz has been taken 4 times
    2 since last reset
  • The average score is 29 of 50
Answer Stats
企业描述 企业名称 % Correct
综合/交通 - 香港/深圳 - 拥有百年历史的综合性企业,业务涵盖港口、航运及金融 招商局集团有限公司
100%
综合/消费 - 香港/深圳 - 涉及大消费、综合能源、城市建设等多领域的民生巨头 华润(集团)有限公司
100%
服务/旅游 - 香港/深圳 - 我国产业链最完整的旅游龙头,由中旅与国旅合并重组 中国旅游集团有限公司
100%
制造/航空 - 上海 - 我国实施国家大型飞机重大专项的主体,研制 C919 喷气客机 中国商用飞机有限责任公司
100%
贸易/盐业 - 北京 - 我国盐行业的龙头,保障食盐供应安全及食盐加碘工作 中国盐业集团有限公司
100%
制造/建材 - 北京 - 全球最大的综合性建材产业集团,标志为醒目的蓝白条纹 中国建材集团有限公司
100%
资源/有色金属 - 北京 - 专注于有色金属资源开发,在海外拥有大量铜、钴矿山 中国有色矿业集团有限公司
100%
资源/稀土 - 江西赣州 - 整合国内稀土资源组建的专业集团,保障稀土战略资源安全 中国稀土集团有限公司
100%
制造/有色技术 - 北京 - 专注于有色金属新材料研发,前身为有研科技集团 中国有研科技集团有限公司
100%
制造/轨道交通 - 北京 - 全球规模最大的轨道交通装备供应商,生产“复兴号”列车 中国中车集团有限公司
100%
建筑/交通基建 - 北京 - 源自铁道部工程总局,拥有中铁一局至十局 中国铁路工程集团有限公司
100%
建筑/交通基建 - 北京 - 源自铁道兵部队集体转业,拥有中铁十一局至二十五局 中国铁道建筑集团有限公司
100%
建筑/港航基建 - 北京 - 全球领先的港口、公路、桥梁设计建设企业,承建多项出海工程 中国交通建设集团有限公司
100%
资源/林业 - 北京 - 以生态修复、木材进出口为主业,维护国家木材安全 中国林业集团有限公司
100%
综合/多元化 - 北京 - 业务涵盖国际贸易、房地产、文化艺术及民爆,拥有保利剧院 中国保利集团有限公司
100%
能源/航油供应 - 北京 - 我国最大的航空运输燃料供应商,为各大机场提供油料服务 中国航空油料集团有限公司
100%
贸易/航材服务 - 北京 - 提供航空器材保障、飞机租赁及地面设备服务的专业集团 中国航空器材集团有限公司
100%
建筑/电力工程 - 北京 - 水电、风电建设领域的全球龙头,设计建设了三峡等工程 中国电力建设集团有限公司
100%
建筑/能源工程 - 北京 - 全球能源建设领军企业,提供电力、交通及水利全方案 中国能源建设集团有限公司
100%
资源/黄金 - 北京 - 我国黄金行业唯一的中央企业,负责黄金勘探、采选及贸易 中国黄金集团有限公司
100%
能源/核电 - 深圳 - 以核能为核心的清洁能源集团,主要运行大亚湾等核电站 中国广核集团有限公司
100%
服务/旅游地产 - 深圳 - 致力于大型景区及主题公园运营,拥有欢乐谷等知名品牌 华侨城集团有限公司
100%
服务/检验认证 - 北京 - “中国检验认证”品牌的运营主体,保障产品质量安全 中国检验认证(集团)有限公司
100%
能源/煤炭 - 北京 - 业务涵盖煤炭生产、贸易及化工,是国内主要的煤炭供应商 中国中煤能源集团有限公司
50%
建筑/化工施工 - 北京 - 我国化工建设领域的领军企业,拥有完整的设计施工产业链 中国化学工程集团有限公司
50%
资源/资源循环 - 天津 - 2024年成立的“国字头”再生资源循环利用平台 中国资源循环集团有限公司
50%
建筑/科学研究 - 北京 - 我国建筑行业最大的综合性研究开发机构,制定多项行业标准 中国建筑科学研究院有限公司
50%
制造/汽车 - 重庆 - 兵装集团旗下主要汽车平台,主要资产为长安汽车及零部件业务 中国长安汽车集团有限公司
50%
制造/轨道信号 - 北京 - 轨道交通通信信号领域的领军者,保障铁路运行安全 中国铁路通信信号集团有限公司
50%
医药/大健康 - 北京 - 我国最大的医药医疗健康产业集团,研制了多款新冠疫苗 中国医药集团有限公司
50%
制造/多元化 - 北京 - 业务涵盖球墨铸铁管、职业装及应急救援装备 新兴际华集团有限公司
50%
服务/民航信息 - 北京 - 我国航空旅游业信息技术服务的核心,提供订票结算系统 中国民航信息集团有限公司
50%
综合/贸易 - 澳门 - 唯一一家总部位于澳门的中央企业,保障澳门民生物资供应 南光(集团)有限公司
50%
交通/物流服务 - 北京 - 整合多家物流企业组建,打造具有全球竞争力的物流平台 中国物流集团有限公司
50%
服务/节能环保 - 北京 - 以节能减排、环境保护为主业,是绿色低碳发展的引领者 中国节能环保集团有限公司
0%
服务/工程咨询 - 北京 - 国内规模最大的综合性工程咨询机构,服务国家重大决策 中国国际工程咨询有限公司
0%
服务/资产管理 - 北京 - 承担国有资本经营试点的投资平台,聚焦金融及现代物流 中国诚通控股集团有限公司
0%
能源/煤炭科技 - 北京 - 专注于煤炭工业科技创新,提供煤矿勘察、设计及装备 中国煤炭科工集团有限公司
0%
制造/机械科学 - 北京 - 专注于机械工业基础技术研发,提升制造业工艺水平 中国机械科学研究总院集团有限公司
0%
制造/金属材料 - 北京 - 钢铁冶金及新材料研发基地,保障国家重大工程材料需求 中国钢研科技集团有限公司
0%
资源/矿冶科技 - 北京 - 以矿产资源开发及加工技术为核心,服务金属资源高效利用 矿冶科技集团有限公司
0%
服务/人力资源 - 北京 - 以人力资源及智力服务为主业,助力人才强国战略 中国国际技术智力合作集团有限公司
0%
通信/信息科技 - 武汉 - 由烽火通信与大唐电信合并组建,聚焦信息通信技术 中国信息通信科技集团有限公司
0%
贸易/农业 - 北京 - 我国唯一的综合性中央农业企业,涵盖种业、渔业、畜牧业 中国农业发展集团有限公司
0%
建筑/工程设计 - 北京 - 拥有“中国建筑设计研究院”等知名品牌的建筑设计咨询企业 中国建设科技有限公司
0%
资源/冶金地质 - 北京 - 负责国家冶金工业的矿产勘查,保障钢铁原材料供应 中国冶金地质总局
0%
资源/煤炭地质 - 北京 - 我国煤炭及化工地质领域的领军机构,负责地质找矿 中国煤炭地质总局
0%
建筑/应急救援 - 北京 - 由原武警水电部队集体转隶组建,擅长抢险救援与水利建设 中国安能建设集团有限公司
0%
制造/电气装备 - 上海 - 整合了西电、许继、平高及山东电工组建的输配电巨头 中国电气装备集团有限公司
0%
服务/资本运营 - 北京 - 国有资本经营公司试点,致力于推动国资国企改革及创新 中国国新控股有限责任公司
0%
No matching quizzes found
Score Distribution
Percent of People with Each Score
Percentile by Number Answered
Your Score History
You have not taken this quiz since the last reset